[Event "GER-chT U16"]
[Site "Naumburg"]
[Date "2012.12.29"]
[Round "5"]
[White "Nothnagel, Marian Can"]
[Black "Haidl, Richard"]
[Result "1/2-1/2"]
[WhiteElo "1802"]
[BlackElo "1508"]
[PlyCount "58"]
[EventDate "2012.12.27"]
[EventType "team-swiss"]
[EventRounds "7"]
[EventCountry "GER"]
[SourceTitle "EXT 2014"]
[Source "ChessBase"]
[SourceDate "2013.11.20"]
[SourceVersion "1"]
[SourceVersionDate "2013.11.20"]
[SourceQuality "1"]
[WhiteTeam "Darmstadt Schachforum"]
[BlackTeam "Unterkochen"]
[WhiteTeamCountry "GER"]
[BlackTeamCountry "GER"]

1. e4 e5 2. Nf3 Nc6 3. Bb5 a6 4. Ba4 Nf6 5. 0-0 d6 6. Re1 Be7 7. c3 b5 8. Bb3 Bg4 9. d3 0-0 10. Nbd2 Na5 11. Bc2 c5 12. Nf1 h6 13. h3 Be6 14. Be3 Qc7 15. d4 cxd4 16. cxd4 Nc4 17. d5 Bd7 18. b3 Nxe3 19. Nxe3 Rac8 20. Rc1 Qa5 21. Bb1 Rxc1 22. Qxc1 Rc8 23. Qd2 Bd8 24. Nc2 Qc3 25. Qxc3 Rxc3 26. Re3 Ba5 27. b4 Rxe3 28. fxe3 Bb6 29. Nd2 Kh7 1/2-1/2